| 000 | 01021cab a2200229 4500 | ||
|---|---|---|---|
| 001 | WB3311-37 | ||
| 008 | 090401t1997 xxu||||| |||| 00| 0 eng d | ||
| 035 | _a(Sirsi) u77091 | ||
| 041 | _aeng | ||
| 245 | _aAssignment | ||
| 260 | _c1997 | ||
| 350 | _a0 | ||
| 490 |
_aEstates Gazette Case Summaries _v1997 EGCS 24 (8/3/97) |
||
| 520 | _a"Associated Newspapers Property Ltd and another v Drapers Co" CA 24 February 1997. A development lease reserved rent accordinging to rents receivable under subleases. The sublease was rendered onerous by a later slump in rental values, so a scheme was devised to extinguish the sublease by process of a merger with the headlease. Decision as to whether the scheme fell within prohibition of arrangements to `commute` rent payable under subleases. Appeal dismissed. | ||
| 650 | _aBREACH OF AGREEMENT | ||
| 650 | _aHEADLEASE | ||
| 650 | _aMERGER | ||
| 650 | _aSUBLEASES | ||
| 690 | _aLANDLORD AND TENANT-CASE LAW-BUSINESS TENANCIES | ||
| 942 | _n0 | ||
| 948 | _c13/03/1997 | ||
| 999 |
_c48454 _d48454 |
||